Guess the 1960s song lyrics #112 - Statistics

General Stats
  • This quiz has been taken 14 times
  • The average score is 162 of 231
Answer Stats
Answer % Correct
all
100%
And
100%
do
100%
In
100%
in
100%
It
100%
me
100%
on
100%
the
100%
You
100%
you
100%
to
92%
where
92%
at
85%
be
85%
So
85%
That
85%
What
85%
come
77%
Come
77%
I'll
77%
see
77%
are
69%
Don't
69%
I'm
69%
your
69%
Can't
62%
it's
62%
It's
62%
show
62%
With
62%
babe
54%
Girl
54%
life
54%
Trust
54%
has
46%
Hey
46%
Always
38%
follow
38%
Follow
38%
Pied
38%
Piper
38%
around
31%
case
31%
line
31%
mind
31%
that's
31%
Crispian St. Peters
23%
heaven
23%
masquerading
23%
scared
23%
step
23%
true
23%
ain't
15%
contemplating
15%
found
15%
move
15%
prove
15%
kicked
8%
trickin
8%
tryin
8%
No matching quizzes found
Score Distribution
Percent of People with Each Score
Percentile by Number Answered
Your Score History
You have not taken this quiz